Brazilian Cup Winners - Statistics

General Stats
  • This quiz has been taken 86 times
    74 since last reset
  • The average score is 25 of 29
Answer Stats
Year Champion Runner Up % Correct
1990 Flamengo Goiás
98%
2006 Flamengo Vasco da Gama
98%
2013 Flamengo Atlético-PR
98%
1993 Cruzeiro Grêmio
95%
1996 Cruzeiro Palmeiras
95%
2000 Cruzeiro São Paulo
95%
2003 Cruzeiro Flamengo
95%
2017 Cruzeiro Flamengo
95%
1995 Corinthians Grêmio
94%
2002 Corinthians Brasiliense
94%
2009 Corinthians Internacional
94%
1992 Internacional Fluminense
94%
2010 Santos Vitória
94%
2007 Fluminense Figueirense
92%
1989 Grêmio Flamengo
92%
1994 Grêmio Ceará
92%
1997 Grêmio Flamengo
92%
2001 Grêmio Corinthians
92%
2016 Grêmio Atlético-MG
92%
1998 Palmeiras Cruzeiro
92%
2012 Palmeiras Coritiba
92%
2015 Palmeiras Santos
92%
2011 Vasco da Gama Coritiba
91%
2014 Atlético-MG Cruzeiro
62%
2008 Sport Corinthians
62%
2004 Santo André Flamengo
60%
1999 Juventude Botafogo
51%
2005 Paulista Fluminense
51%
1991 Criciúma Grêmio
48%
No matching quizzes found
Score Distribution
Percent of People with Each Score
Percentile by Number Answered
Your Score History
You have not taken this quiz since the last reset